| 000 | 00280 a2200121 4500 | ||
|---|---|---|---|
| 999 |
_c321555 _d321555 |
||
| 001 | 86482 | ||
| 003 | NUST | ||
| 005 | 20180122153959.0 | ||
| 008 | 180122b xxu||||| |||| 00| 0 eng d | ||
| 082 | _a398.2 AFZ | ||
| 100 |
_aAfzal Pervaiz _99514 |
||
| 245 |
_aLok Theater _hUrdu |
||
| 260 |
_aIslamabad _bLok Virsa Islamabad _c1987 |
||
| 300 | _a224p. | ||
| 942 |
_aCAE NUST _cBK _k398.2 AFZ _2ddc |
||